[Event "POHÁR mìsta Øíèany 2013"]
[Site "Základní škola u øíèanského l"]
[Date "2013.08.31"]
[Round "9.6"]
[White "Rydl, Jiri"]
[Black "Schmalz, Michal"]
[Result "1-0"]
[WhiteElo "2090"]
[BlackElo "2077"]
[PlyCount "0"]
[EventDate "2013.08.24"]

1. e4 c5 2. Nc3 Nc6 3. f4 e6 4. Nf3 d5 5. Bb5 Ne7 6. exd5 Nxd5 7. Bxc6+ bxc6
8. d3 Bd6 9. O-O O-O 10. Ne5 Qc7 11. Nc4 Ba6 12. Nxd6 Qxd6 13. Ne4 Qd8 14. c4
Nb4 15. Nf2 Bc8 16. a3 Na6 17. Qe2 Re8 18. Bd2 e5 19. Rae1 Bf5 20. fxe5 Nc7
21. Bc3 Qd7 22. Qf3 Rad8 23. Re3 Bg6 24. h4 h5 25. Ne4 Bxe4 26. Qxe4 Ne6 27. b4
cxb4 28. axb4 Nd4 29. Rf4 Ne6 30. Rff3 g6 31. Rf2 Nd4 32. Bxd4 Qxd4 33. Qxd4
Rxd4 34. Ra2 Re7 35. Ra6 Rc7 36. g3 Kf8 37. Kf2 Ke7 38. Ke2 Rd8 39. Kd2 Rb8
40. Kc3 Rb6 41. Ra4 Ke6 42. d4 Rcb7 43. Rf3 a5 44. Rf6+ Ke7 45. c5 Rxb4 46. Rxb4
axb4+ 47. Kb3 Rd7 48. Rd6 Ra7 49. Kxb4 Rb7+ 50. Kc4 Rc7 51. Rf6 Ke8 52. e6 fxe6
53. Rxg6 Rh7 54. Rxe6+ Kd7 55. Rg6 Kc7 56. d5 cxd5+ 57. Kxd5 Kd7 58. Rg5 Rh6
59. Kd4 Rh7 60. Ke4 Rh6 61. Rg7+ Kc8 62. Rg5 Rh8 63. Kf4 Kc7 64. Kf5 Rf8+
65. Kg6 1-0

[Event "POHÁR mìsta Øíèany 2013"]
[Site "Základní škola u øíèanského l"]
[Date "2013.08.31"]
[Round "9.7"]
[White "Vykouk, Jan"]
[Black "Skacel, Jan"]
[Result "1-0"]
[WhiteElo "2034"]
[BlackElo "2075"]
[PlyCount "0"]
[EventDate "2013.08.24"]

1. e4 c5 2. Nf3 Nc6 3. d4 cxd4 4. Nxd4 Nf6 5. Nc3 e6 6. Nxc6 bxc6 7. e5 Nd5
8. Ne4 Qc7 9. f4 f5 10. exf6 Nxf6 11. Nxf6+ gxf6 12. Qh5+ Kd8 13. Bd2 d5
14. O-O-O Be7 15. g3 Rb8 16. Bh3 Qb6 17. Bc3 Qe3+ 18. Rd2 Qe4 19. Rhd1 Qc4
20. Ba5+ Rb6 21. Bxb6+ axb6 22. Kb1 Bd7 23. Qe2 Qxe2 24. Rxe2 f5 25. Rde1 h5
26. c3 Rh6 27. Bxf5 1-0

[Event "POHÁR mìsta Øíèany 2013"]
[Site "Základní škola u øíèanského l"]
[Date "2013.08.31"]
[Round "9.28"]
[White "Grecny, Karol"]
[Black "Havelka, Petr"]
[Result "1/2-1/2"]
[WhiteElo "1934"]
[BlackElo "1865"]
[PlyCount "0"]
[EventDate "2013.08.24"]


1. e4 d5 2. exd5 Qxd5 3. Nc3 Qa5 4. Nf3 Nf6 5. Bc4 Bf5 6. O-O e6 7. d4 c6
8. Nh4 Bg6 9. Re1 Bb4 10. Bd2 O-O 1/2-1/2

[Event "POHÁR mìsta Øíèany 2013"]
[Site "Základní škola u øíèanského l"]
[Date "2013.08.31"]
[Round "9.29"]
[White "Rihova, Kamila"]
[Black "Forman, Miroslav"]
[Result "1/2-1/2"]
[WhiteElo "1687"]
[BlackElo "1925"]
[PlyCount "0"]
[EventDate "2013.08.24"]

1. e4 e6 2. d4 c5 3. c3 Nf6 4. Bd3 Nc6 5. Ne2 Qb6 6. Bc2 cxd4 7. cxd4 Nb4
8. O-O Nxc2 9. Qxc2 d6 10. Nbc3 Bd7 11. h3 Rc8 12. Qd3 Bc6 13. Rb1 Be7 14. Be3
d5 15. e5 Ne4 16. f3 Nxc3 17. Nxc3 O-O 18. f4 a6 19. f5 Bb5 20. Nxb5 Qxb5
21. Qxb5 axb5 22. fxe6 fxe6 23. Rxf8+ Kxf8 24. Rc1 Rc6 25. Kf2 Kf7 26. Kf3 h5
27. g4 g6 28. Bd2 Rc4 29. Be3 Bb4 30. Ke2 Rxc1 31. Bxc1 hxg4 1/2-1/2

[Event "POHÁR mìsta Øíèany 2013"]
[Site "Základní škola u øíèanského l"]
[Date "2013.08.31"]
[Round "9.30"]
[White "Skvaril, Michal"]
[Black "Hlina, Milos"]
[Result "1/2-1/2"]
[WhiteElo "1708"]
[BlackElo "1862"]
[PlyCount "0"]
[EventDate "2013.08.24"]

1. e4 e6 2. d4 d5 3. Nd2 Nf6 4. e5 Nfd7 5. Bd3 c5 6. c3 Nc6 7. Ne2 Qb6 8. Nf3
a5 9. b3 cxd4 10. cxd4 Be7 11. O-O O-O 12. Bd2 Re8 13. Qc2 Nf8 14. a3 Bd7
15. Qb2 Rac8 16. Rac1 f6 17. exf6 Bxf6 18. Bc3 Na7 19. Qd2 Qxb3 20. Rb1 Qxa3
21. Rxb7 1/2-1/2

[Event "POHÁR mìsta Øíèany 2013"]
[Site "Základní škola u øíèanského l"]
[Date "2013.08.31"]
[Round "9.32"]
[White "Zamorsky, Ladislav"]
[Black "Svoboda, Jaroslav"]
[Result "1-0"]
[WhiteElo "1778"]
[BlackElo "1557"]
[PlyCount "0"]
[EventDate "2013.08.24"]

1. e4 e5 2. Bc4 Nf6 3. d3 d5 4. exd5 Nxd5 5. Qf3 Be6 6. Nc3 c6 7. Nge2 Bc5
8. Ne4 Bb6 9. Ng5 O-O 10. Qh5 Nf6 11. Nxe6 Nxh5 12. Nxd8 Rxd8 13. Bg5 Ba5+
14. b4 Bxb4+ 15. c3 Bxc3+ 16. Nxc3 Rd4 17. Be3 Rg4 18. Ne4 Nf4 19. Bxf4 Rxf4
20. g3 Rf3 21. Ke2 Rf5 22. Nd6 Rf6 23. Ne8 Nd7 24. Nxf6+ Nxf6 25. a4 e4 26. Rhd1
Re8 27. Kf1 Ng4 28. dxe4 Nxh2+ 29. Kg2 Ng4 30. a5 Ne5 31. Be2 c5 32. f4 Nc6
33. Bb5 Rc8 34. Bxc6 1-0

[Event "POHÁR mìsta Øíèany 2013"]
[Site "Základní škola u øíèanského l"]
[Date "2013.08.31"]
[Round "9.33"]
[White "Cabart, Pavel"]
[Black "Trochta, Vojtech"]
[Result "0-1"]
[WhiteElo "1836"]
[BlackElo "1724"]
[PlyCount "0"]
[EventDate "2013.08.24"]

1. e4 d6 2. d4 Nf6 3. Nc3 g6 4. Bg5 Bg7 5. Qd2 O-O 6. O-O-O c6 7. Bh6 b5
8. Bxg7 Kxg7 9. e5 Nd5 10. Nxd5 cxd5 11. Bxb5 Qb6 12. Ba4 Bf5 13. h4 h5 14. Ne2
Nc6 15. exd6 exd6 16. Ng3 Be6 17. Bxc6 Rab8 18. c3 Qxc6 19. Qg5 Kh7 20. Rhe1 Qa4
21. Kb1 Rfc8 22. Re3 Qxd1# 0-1